LEADER 01537nam0 22003251i 450 001 UON00504726 005 20231205105430.486 010 $a978-17-89696-73-8 100 $a20210119d2020 |0itac50 ba 101 $aita 102 $aGB 105 $a|||| ||||| 200 1 $aˆL'‰Egitto dei Flavi$esintesi e prospettive d'indagine alla luce della documentazione papirologica ed epigrafica egiziana$fNikola D. Bellucci e Brunella L. Longo 210 $aOxford$cArchaeopress Publishing$dc2020 215 $aVII, 171 p.$cill.$d24 cm. 410 1$1001UON00505880$12001 $aArchaeopress Roman archaeology$1210 $a Oxford$cArchaeopress Publishing,$v69 606 $aEGITTO GRECO-ROMANO$3UONC098275$2FI 606 $aPAPIROLOGIA$3UONC026604$2FI 620 $aGB$dOxford$3UONL000029 676 $a932$cEgittologia / Storia dell'egitto antico fino al 640$v21 700 1$aBELLUCCI$bNikola D.$3UONV285508$0824991 701 1$aLONGO$bBrunella L.$3UONV285509$0145363 712 $aArchaeopress$3UONV252460$4650 801 $aIT$bSOL$c20250627$gRICA 899 $aSIBA - SISTEMA BIBLIOTECARIO DI ATENEO$2UONSI 912 $aUON00504726 950 $aSIBA - SISTEMA BIBLIOTECARIO DI ATENEO$dSI I b 084 $eSI 37267 5 084 951 $aSIBA - SISTEMA BIBLIOTECARIO DI ATENEO$bSI2021548 1J 20210119DDT 6141 del 13/7/2021 996 $aEgitto dei Flavi$91835099 997 $aUNIOR